LEADER 01263nam a2200325 i 4500 001 991001463709707536 005 20020507193929.0 008 961210s1976 de ||| | eng 020 $a3540080600 035 $ab1085101x-39ule_inst 035 $aLE01312636$9ExL 040 $aDip.to Matematica$beng 082 0 $a532.052 084 $aAMS 76D05 084 $aAMS 76F 100 1 $aTemam, Roger$021480 245 10$aTurbulence and Navier Stokes equations :$bproceedings of the conference held at the University of Paris-Sud, Orsay, 12-13 June 1975 /$cedited by Roger Temam 260 $aBerlin :$bSpringer-Verlag,$c1976 300 $a194 p. :$bill. ;$c25 cm 490 0 $aLecture notes in mathematics,$x0075-8434 ;$v565 500 $aEnglish and French 500 $aIncludes bibliographies 650 0$aNavier-Stokes equations$vCongresses 650 0$aTurbulence$vCongresses 907 $a.b1085101x$b23-02-17$c28-06-02 912 $a991001463709707536 945 $aLE013 76F TEM11 (1976)(Smarrito)$g1$i2013000067209(Smarrito Prof- Bortone)$lle013$o-$pE0.00$q-$rn$s- $t0$u0$v0$w0$x0$y.i10962499$z28-06-02 996 $aTurbulence and Navier Stokes equations$9918366 997 $aUNISALENTO 998 $ale013$b01-01-96$cm$da $e-$feng$gde $h0$i1 LEADER 04498nam 22007815 450 001 9910299430403321 005 20250609111222.0 010 $a94-017-9508-8 024 7 $a10.1007/978-94-017-9508-1 035 $a(CKB)3710000000402948 035 $a(EBL)2096886 035 $a(SSID)ssj0001501097 035 $a(PQKBManifestationID)11771820 035 $a(PQKBTitleCode)TC0001501097 035 $a(PQKBWorkID)11521249 035 $a(PQKB)10587441 035 $a(DE-He213)978-94-017-9508-1 035 $a(MiAaPQ)EBC2096886 035 $a(PPN)185490123 035 $a(MiAaPQ)EBC3109842 035 $a(EXLCZ)993710000000402948 100 $a20150418d2015 u| 0 101 0 $aeng 135 $aur|n|---||||| 181 $ctxt 182 $cc 183 $acr 200 10$aCritical Loads and Dynamic Risk Assessments $eNitrogen, Acidity and Metals in Terrestrial and Aquatic Ecosystems /$fedited by Wim de Vries, Jean-Paul Hettelingh, Maximilian Posch 205 $a1st ed. 2015. 210 1$aDordrecht :$cSpringer Netherlands :$cImprint: Springer,$d2015. 215 $a1 online resource (671 p.) 225 1 $aEnvironmental Pollution,$x1566-0745 ;$v25 300 $aDescription based upon print version of record. 311 08$a94-017-9507-X 320 $aIncludes bibliographical references and index. 327 $aPart I Assessment of indicators for air pollutant impacts -- Part II  Empirical and model based critical loads and target loads -- Part III Dynamic modeling for the assessment of air pollution impacts at site scale -- Part IV Critical loads and dynamic model applications on a regional scale -- Part V Integrated assessment policy applications and synthesis. 330 $aThis book provides a unique overview of research methods over the past 25 years assessing critical loads and temporal effects of the deposition of air pollutants. It includes critical load methods and applications addressing acidification, eutrophication and heavy metal pollution of terrestrial and aquatic ecosystems. Applications include examples for each air pollution threat, both at local and regional scale, including Europe, Asia, Canada and the US. The book starts with background information on the effects of the deposition of sulphur, nitrogen and heavy metals and geochemical and biological indicators for risk assessments. The use of those indicators is then illustrated in the assessment of critical loads and their exceedances and in the temporal assessment of air pollution risks. It also includes the most recent developments of assessing critical loads and current and future risks of soil and water chemistry and biodiversity under climate change, with a special focus on nitrogen. The book thus provides a complete overview of the knowledge that is currently used for the scientific support of policies in the field of air pollution control to protect ecosystem services. 410 0$aEnvironmental Pollution,$x1566-0745 ;$v25 606 $aAir$xPollution 606 $aEnvironmental chemistry 606 $aEnvironmental sciences 606 $aGeobiology 606 $aAtmospheric Protection/Air Quality Control/Air Pollution$3https://scigraph.springernature.com/ontologies/product-market-codes/U35010 606 $aEnvironmental Chemistry$3https://scigraph.springernature.com/ontologies/product-market-codes/U15000 606 $aMath. Appl. in Environmental Science$3https://scigraph.springernature.com/ontologies/product-market-codes/U24005 606 $aBiogeosciences$3https://scigraph.springernature.com/ontologies/product-market-codes/G35010 615 0$aAir$xPollution. 615 0$aEnvironmental chemistry. 615 0$aEnvironmental sciences. 615 0$aGeobiology. 615 14$aAtmospheric Protection/Air Quality Control/Air Pollution. 615 24$aEnvironmental Chemistry. 615 24$aMath. Appl. in Environmental Science. 615 24$aBiogeosciences. 676 $a333.7 676 $a363.7392 676 $a550 676 $a577.14 702 $ade Vries$b Wim$4edt$4http://id.loc.gov/vocabulary/relators/edt 702 $aHettelingh$b Jean-Paul$4edt$4http://id.loc.gov/vocabulary/relators/edt 702 $aPosch$b Maximilian$4edt$4http://id.loc.gov/vocabulary/relators/edt 801 0$bMiAaPQ 801 1$bMiAaPQ 801 2$bMiAaPQ 906 $aBOOK 912 $a9910299430403321 996 $aCritical Loads and Dynamic Risk Assessments$92525796 997 $aUNINA